| 000 | 00512nam a2200193Ia 4500 | ||
|---|---|---|---|
| 005 | 20250508150339.0 | ||
| 008 | 008 250505s9999 xx 000 0 eng d | ||
| 037 | _aTextual | ||
| 040 |
_aFEDL _beng _cFEDL |
||
| 041 |
_aeng _2eng |
||
| 084 |
_a150, GUI _qFEDL |
||
| 100 | _aGuilford J P Ed. | ||
| 245 | 0 | _aFields of Psychology | |
| 260 |
_aNew York, USA _bD. Van Nostrand Company _c1940 |
||
| 300 | _ax,695p. | ||
| 650 | _aPsychology | ||
| 942 |
_cTEXL _h150, GUI |
||
| 999 |
_c1323123 _d1323123 |
||